K vizitácii benediktínskych kláštorov na Slovensku začiatkom 16. storočia

Bibliographic Details
Main Author: Oslanský, František, 1949- (Author)
Format: Article
Language:Slovak
ISSN:0018-2575
Subjects:

MARC

LEADER 00000nab a2200000 a 4500
001 vtls000698074
003 SK-MaSNL
005 20260426090216.0
008 250425c1999 xo 0 slo
015 |a SNBRB1999/06-17902 
035 |a CLN000050241 
035 |a (urnnbn)urn:nbn:sk:snk:ar-004f0a 
035 |a (uuid)c67aa29b-d89a-4ad3-a1ec-4293a3370c4e 
035 |a urn:nbn:sk:snk-ab7vud 
040 |a SNKBUCL  |b slo  |c SNKBUCL  |e AACR2 
041 0 |a slo 
044 |a xo  |c SK 
080 |a 271(437.6)"15"  |2 1997 
080 |a 943.76"15":27  |2 1997 
080 |a 943.92"15":27  |2 1997 
100 1 |a Oslanský, František,  |d 1949-  |4 aut  |9 105123 
245 1 0 |a K vizitácii benediktínskych kláštorov na Slovensku začiatkom 16. storočia  |c František Oslanský 
500 |a Poznámky 
504 |a Bibliogr. odkazy 
504 |a Res. angl., nem. 
610 7 |a Benediktíni  |2 snkbucl  |9 31574 
648 7 |a 16. stor., začiatok  |2 snkbucl  |9 857512 
650 0 7 |a benediktínske kláštory  |2 snkbucl  |9 98034 
651 7 |a Slovensko  |2 snkbucl  |9 14231 
655 7 |a články z novín a časopisov  |2 snkbucl  |9 267496 
773 0 |t Historický časopis  |g Roč. 47, č. 1 (1999), s. 18-32  |x 0018-2575 
850 |a Slovenská národná knižnica 
852 |a Slovenská národná knižnica 
954 |a odborná, vedecká literatúra pôvodná (slovenská)  |2 lita 
958 |a article9 
958 |a OND 
958 |a SK 
958 |a NB 
958 |a EUIPO 
992 |a RBX 
999 |c 2982829  |d 2984759